Science Quiz

Random Science or Alphabet Quiz

Element Alphabet Minefield Quiz Stats

 Plays Quiz Updated Nov 5, 2018

Score 0/15 Timer 01:00
0 Plays Today
Number Letter % Correct
6 ???
77%
8???
72.1%
1???
71.7%
5???
68.9%
19???
64.3%
7???
60.4%
53???
58.3%
15???
55.7%
Number Letter % Correct
9???
51.7%
16???
49.8%
92???
36.4%
74???
36.1%
39???
31.2%
23???
29.3%
 ???
26.8%

You're not logged in!

Compare scores with friends on all Sporcle quizzes.
OR
Log In

Sporcle TV

Today on Sporcle TV


Watch our educational content, quiz creation guides, and fun videos on Sporcle TV.

Show Comments

Extras

Top Quizzes Today


Score Distribution

Your Account Isn't Verified!

In order to create a playlist on Sporcle, you need to verify the email address you used during registration. Go to your Sporcle Settings to finish the process.

Report this User

Report this user for behavior that violates our Community Guidelines.

Details: